000
00207 a2200097 4500
001
35055
100
_a
KIM, Birt Kimzey
245
_a
F-14A & B Tomcat
260
_a
USA
_b
Tab Books
_c
090
_c
23202
_d
23202
942
_a
NUST-CAE
_c
M
_c
14673
999
_c
270128
_d
270128